000 00715nam a2200289Ia 4500
005 20260324134106.0
008 008 260324s9999 xx 000 0 eng d
020 _a9781410606440
037 _aEBOOK
040 _aCRL
040 _beng
040 _cCRL
041 _2eng
041 _aeng
084 _qCRL
100 _aRita S. Brause; Christine P. Donohue; Alice W. Ryan
_91195539
245 0 _aSucceeding at Your Interview
245 2 _bA Practical Guide for Teachers
260 _bTaylor and Francis
260 _c2002
365 _a
365 _b200
856 _uhttp://www.taylorfrancis.com/books/9781410606440
942 _cEBOOK
999 _c1795241
_d1795241